Normal view
MARC view
Entry Personal Name
001 - CONTROL NUMBER
- control field: 59645
003 - CONTROL NUMBER IDENTIFIER
- control field: dpl
005 - DATE AND TIME OF LATEST TRANSACTION
- control field: 20231207155127.0
008 - FIXED-LENGTH DATA ELEMENTS
- fixed length control field: 231207|| aca||aabn | a|a d
040 ## - CATALOGING SOURCE
- Original cataloging agency: dpl
- Transcribing agency: dpl
100 ## - HEADING--PERSONAL NAME
- Personal name: Kala,Arun
670 ## - SOURCE DATA FOUND
- Source citation: Work cat.: (dpl)199546: 11 Years' JEE (Main & Advanced):, 2023
